| 000 | 00000nas##2200000za#4500 |
| 001 | 9.507867 |
| 003 | CaOODSP |
| 005 | 20210420084522 |
| 007 | cr ||||||||||| |
| 008 | 150406c2003||||xxc|| p o||||f| |0eng|d |
| 040 | |aCaOODSP|beng |
| 043 | |an-cn--- |
| 086 | 1 |aH161-7E-PDF |
| 110 | 1 |aCanada. |bHealth Products and Food Branch. |
| 245 | 10|aHealth Products and Food Branch Public Advisory Committee ... annual report |h[electronic resource] |
| 260 | |aOttawa - Ontario : |bHealth Canada. |
| 310 | |aAnnual |
| 362 | 1 |a2003--2004 |
| 775 | 08|tDirection générale des produits de santé et des aliments, comité de consultation publique - rapport annuel ... |w(CaOODSP)9.504245 |